Meilleurs buteur BVB - Statistiques

Statistiques générales
  • Ce quiz a été pris 98 fois
  • Le résultat moyen est 2 sur 11
Statistiques - réponses
Hint Réponse % Correct
154 buts Marco Reus
98%
141 buts Pierre-Emerick Aubameyang
59%
155 buts Michael Zorc
11%
122 buts Stéphane Chapuisat
9%
168 buts Alfred Preissler
6%
158 buts Manfred Burgsmüller
3%
124 buts Alfred Niepieklo
2%
145 buts Friedhelm Konietzka
2%
122 buts Alfred Kelbassa
1%
137 buts Jürgen Schütz
1%
146 buts Lothar Emmerich
1%
Aucun quiz correspondant
Distribution des résultats
% des personnes avec chaque résultat
Percentile par nombre de réponses
Votre historique - résultats
Vous n’avez pas pris ce quiz